| 000 | 01477nam0a2200349 4500 | ||
|---|---|---|---|
| 001 | RU\NLR\bibl\1743399 | ||
| 005 | 20250616113514.0 | ||
| 010 |
_a978-5-9966-0095-3 _95000 |
||
| 021 |
_aRU _b2011-7542 _9538 |
||
| 035 | _a(NLR Aleph) 001734305 | ||
| 090 |
_a1419280 _c1419280 |
||
| 100 | _a20110304d2011 |||y0rusy50 ca | ||
| 101 | 0 | _arus | |
| 102 | _aRU | ||
| 105 | _ay ||||||||| | ||
| 200 | 1 |
_aИстория России _eподготовка к ЕГЭ: анализ исторического источника (задания С1-С3) _e10-11 классы _eучебно-методическое пособие _fР.В. Пазин |
|
| 210 |
_aРостов-на-Дону _cЛегион _d2011 |
||
| 215 |
_a280 с. _d20 |
||
| 225 | 1 | _aГотовимся к ЕГЭ | |
| 225 | 1 | _aЕГЭ | |
| 320 | _aБибилогр.: с. 279-280 (21 назв.) | ||
| 606 | 1 |
_aИстория _jУчебно-методические пособия _xЭкзамены _xПодготовка к ним _xСредняя школа _92227311 _3RU\NLR\AUTH\6601569805 |
|
| 607 |
_aРоссия _jУчебно-методические пособия для средней школы _xИстория _91554184 _3RU\NLR\auth\66979780 |
||
| 686 | _aЧ421.31-285 | ||
| 686 | _aТ3(2)я72 | ||
| 700 | 1 |
_aПазин _bР. В. _gРоман Викторович _4070 |
|
| 801 | 0 |
_aRU _bNLR _c20110304 _gRCR |
|
| 801 | 1 |
_aRU _bNLR _c20110304 |
|
| 942 | _cBOOK | ||
| 980 | _aNB | ||
| 980 | _aNBR | ||